[Event "Belgrade City-chT"]
[Site "Belgrade"]
[Date "2013.10.27"]
[Round "2"]
[White "Poleksic, Miodrag"]
[Black "Brkic, Zoran"]
[Result "0-1"]
[WhiteElo "2206"]
[BlackElo "2086"]
[PlyCount "58"]
[EventDate "2013.10.26"]
[EventType "team-tourn"]
[EventRounds "11"]
[EventCountry "SRB"]
[SourceTitle "EXT 2015"]
[Source "ChessBase"]
[SourceDate "2014.11.20"]
[SourceVersion "1"]
[SourceVersionDate "2014.11.20"]
[SourceQuality "1"]

1. d4 Nf6 2. c4 Nc6 3. Nf3 e6 4. Nc3 d5 5. Bg5 Bb4 6. e3 h6 7. Bh4 g5 8. Bg3 Ne4 9. Rc1 h5 10. h3 Bxc3+ 11. bxc3 Nxg3 12. fxg3 Qd6 13. Kf2 h4 14. g4 f5 15. cxd5 exd5 16. gxf5 Bxf5 17. Bd3 Qg3+ 18. Kg1 Rf8 19. Bxf5 Rxf5 20. Qe2 0-0-0 21. e4 dxe4 22. Qxe4 Rdf8 23. Rf1 Rf4 24. Qe2 a6 25. d5 Ne5 26. Qxe5 Rxf3 27. Qe6+ Kb8 28. Rxf3 Rxf3 29. d6 cxd6 0-1